Atlas de parasitologìa / (Registro nro. 35882)
[ vista simple ]
| 000 -CABECERA | |
|---|---|
| Longitud fija campo de control | 00707nam a2200193 4500 |
| 003 - • IDENTIFICADOR DELl NÚMERO DE CONTROL | |
| Identificador del número de control | CO-ViMGA |
| 020 ## - • NÚMERO INTERNACIONAL NORMALIZADO PARA LIBROS | |
| Número Internacional Normalizado para Libros (ISBN) | 9789589076576 |
| 040 ## - FUENTE DE LA CATALOGACIÓN | |
| Centro catalogador de origen | CO-ViMGA |
| Lengua de catalogación | spa |
| Centro transcriptor | CO-ViMGA |
| 082 04 - • NÚMERO DE LA CLASIFICACIÓN DECIMAL DEWEY | |
| Número de clasificación (R) | 616 |
| Número del ítem | M66a |
| 100 1# - • PUNTO DE ACCESO PRINCIPAL-NOMBRE DE PERSONA | |
| Nombre de persona | Montoya Palacio, Martha Nelly |
| 245 10 - • TITULO PROPIAMENTE DICHO | |
| Título | Atlas de parasitologìa / |
| Mención de responsabilidad, etc. | Martha Nelly, Montoya Palacio. |
| 300 ## - • DESCRIPCIÓN FÍSICA | |
| Extensión | 171 p. : |
| Otras características físicas | Il. ; Laminas, dibujos. ; 28 cm. |
| 500 ## - • NOTA GENERAL | |
| Nota general | Incluye indice analítico y lecturas recomendadas. |
| 650 14 - • PUNTO DE ACCESO ADICIONAL DE MATERIA - TÉRMINO DE MATERIA | |
| Término de materia o nombre geográfico como elemento inicial | Ciencias Medicas |
| 700 1# - • PUNTO DE ACCESO ADICIONAL - NOMBRE DE PERSONA | |
| Nombre de persona | Agudelo Lòpez, Sonia del Pilar. |
| Término indicativo de función | coaut. |
| 700 1# - • PUNTO DE ACCESO ADICIONAL - NOMBRE DE PERSONA | |
| Nombre de persona | Gomez Calderin, Victor alfonso |
| Término indicativo de función | coaut. |
| 942 ## - ENTRADA DE ELEMENTOS AGREGADOS (KOHA) | |
| Fuente de clasificaión o esquema | Dewey Decimal Classification |
| Koha [por defecto] tipo de item | LIbro |
| Perdido | Fuente de clasificación o esquema | Estado Físico | No para préstamo | Forma de adquisición | Localización permanente | Localización actual | Fecha adquisición | Préstamos totales | Signatura completa | Código de barras | Fecha última consulta | Número de copia | Fecha del precio de reemplazo | Tipo de item de Koha |
|---|---|---|---|---|---|---|---|---|---|---|---|---|---|---|
| Dewey Decimal Classification | Sala Especializada Tercer Piso | Biblioteca Pública Germán Arciniegas - Villavicencio | Biblioteca Pública Germán Arciniegas - Villavicencio | 09/01/2016 | 616 M66a | 30459 | 09/01/2016 | Ej. 1 | 09/01/2016 | LIbro |